| 000 | 00436nam a2200181Ia 4500 | ||
|---|---|---|---|
| 001 | 24242 | ||
| 005 | 20260414151030.0 | ||
| 008 | 260414t2003||||xx |||||||||||||| ||spa|| | ||
| 041 | _aESP | ||
| 082 |
_a345.2 _bA96 |
||
| 100 |
_aAzabache C., César _eAUT |
||
| 245 | 0 |
_aIntroducción al procedimiento penal _b |
|
| 260 | _c2003 | ||
| 300 |
_a230 páginas : _c20 cm. |
||
| 650 | _aDER | ||
| 654 | _aCDE | ||
| 942 |
_cLIB _dJUS _fJUS _2ddc _n |
||
| 999 |
_c24242 _d24242 |
||